Mechanical design (Record no. 275388)

MARC details
000 -LEADER
fixed length control field 00553nam a2200193Ia 4500
008 - FIXED-LENGTH DATA ELEMENTS--GENERAL INFORMATION
fixed length control field 191130s2004##################000#0#eng##
020 ## - INTERNATIONAL STANDARD BOOK NUMBER
ISBN 9780750657716
082 ## - DEWEY DECIMAL CLASSIFICATION NUMBER
Classification number 620.0042 CHI
100 ## - MAIN ENTRY--AUTHOR NAME
Personal name Childs, Peter R. N
245 ## - TITLE STATEMENT
Title Mechanical design
Statement of responsibility, etc Peter R. N. Childs
250 ## - EDITION STATEMENT
Edition statement 2nd ed
260 ## - PUBLICATION, DISTRIBUTION, ETC. (IMPRINT)
Place of publication Amsterdam ; Boston, MA
Name of publisher Elsevier Butterworth-Heinemann
Year of publication 2004
300 ## - PHYSICAL DESCRIPTION
Number of Pages x, 358 p. : ill. ; 25 cm
650 ## - SUBJECT ADDED ENTRY--TOPICAL TERM
Topical Term Mechanical Design
991 ## -
-- 200872
Holdings
Withdrawn status Lost status Damaged status Not for loan Home library Current library Shelving location Date acquired Full call number Accession Number Price effective from Koha item type
        Anna Centenary Library Anna Centenary Library 6TH FLOOR, A WING 15.10.2020 620.0042 CHI 329479 15.10.2020 English Books

Find us on the map